000 01101nam a2200277Ia 4500
003 OSt
005 20221005105218.0
006 a|||||r|||| 00| 0
007 ta
008 221004b |||||||| |||| 00| 0 hin d
020 _a9788187775475 (hbk)
_c200
024 _a15115
037 _b7114, 20/11/2014, Friends Publications (India)
_cTextual
040 _aCRL
_cCRL
_bhin
041 _2hin
_ahin
082 _aV2y7M75, 152Q2
100 _aप्रेम लाल सिंह
245 0 _aअखण्ड भारत के निर्माता सरदार पटेल
246 _aAkhaṇḍa bhārat ke nirmātā saradār paṭela
260 _aनई दिल्ली
_bआकाशदीप पब्लिकेशन भारत
_c2012
300 _a140पृ0
_ccm.
650 _aविश्व-इतिहास
700 _a सुधा सिंह
942 _hV2y7M75, 152Q2
_cTEXL
_2cc
999 _c1015139
_d1015139